| 000 | 00670cam a22002411 4500 | ||
|---|---|---|---|
| 001 | 25535 | ||
| 003 | BD-RjUL | ||
| 005 | 20211209050907.0 | ||
| 008 | 140318s1959 enkb 000 0 eng d | ||
| 035 | _a(BD-RjUL)25605 | ||
| 035 | _a(OCoLC)1646817 | ||
| 040 |
_aRochester. Univ. Libr. _cOCU _dDLC _dBD-RjUL _beng |
||
| 041 | _aeng | ||
| 082 | 0 | 0 |
_a943.91 _bSIH 1959 |
| 100 | 1 |
_aSinor, Denis. _978516 |
|
| 245 | 1 | 0 |
_aHistory of Hungary / _c Denis Sinor, |
| 260 |
_aLondon : _bAllen & Unwin, _c1959 |
||
| 300 |
_a310 p. : _bmaps (on lining papers) ; _c22 cm. |
||
| 651 | 0 |
_aHungary _xHistory. _99921 |
|
| 942 |
_2ddc _cBK |
||
| 999 |
_c25535 _d25535 |
||